000
002670000a22000970004500
100
1
_a
Kallai, Zecharia
245
1
0
_a
A note on the twelve tribe systems of Israel
300
_a
Vol. 49, Num. 1 (Enero, 1999), Páginas 125-127
773
0
_t
Vetus Testamentum
942
_c
ANA
999
_c
58262
_d
58262